000 00921nam a2200265 a 4500
001 72677
003 BD-RjUL
005 20211209082309.0
008 170522s1962 nyua 000 0 eng
035 _a(BD-RjUL)72895
040 _aDLC
_cOC
_dDLC
_dBD-RjUL
_beng
041 _aeng
082 _223
_a540.78
_bBEP 1962
100 1 _aBelcher, J. E.
_q(James Elmer)
_9214983
245 1 0 _aProperties and numerical relationships of the common elements and compounds /
_cJ. E. Belcher ; J. C. Colbert and H. H. Rowley
250 _a6th ed.
260 _aNew York :
_bAppleton-Century-Crofts
_c1962
300 _a398 p. :
_bill. ;
_c28 cm.
490 0 _aThe Century chemistry series
650 0 _aChemistry
_xLaboratory manuals.
_9214984
700 1 _aColbert, J. C.
_q(James Canfield),
_d1899-
_ejoint author.
_9214985
700 1 _aRowley, H. H.
_9214986
830 _aThe Century chemistry series
_9214988
942 _2ddc
_cBK
999 _c72677
_d72677